| 000 | 00597nam a2200217 a 4500 | ||
|---|---|---|---|
| 005 | 20140310183430.0 | ||
| 008 | 080107s19uu xx 00 eng d | ||
| 020 | _a978-0-07-110108-0 | ||
| 050 |
_aHF 5438.25 _b.J635 2008 |
||
| 100 | _aJohnston, Mark W. | ||
| 245 |
_aRelationship selling. _cMark W. Johnston |
||
| 250 | _a2nd ed. | ||
| 260 |
_aU.S.A : _bMcGraw-Hill Irwin, _c2008. |
||
| 300 |
_a446 p. : _c29 cm. |
||
| 650 | _aSelling. | ||
| 650 | _aRelationship marketing. | ||
| 650 | _aCustomer relations. | ||
| 700 | _aMarshall, Greg W. | ||
| 942 |
_cBK _2lcc _kFOR |
||
| 999 |
_c22726 _d22726 |
||